000 00946nam0a22002771 4500
001 rc\4709936
005 20250612161012.0
021 _aRU
_b[60-45693]
035 _a(NLR Aleph) 008723500
090 _a9432589
_c9432589
100 _a20130416d1960 |||y0rusy50 ca
101 0 _arus
102 _aRU
105 _aa b |||||
200 1 _aНастройка листопрокатных станов
210 _aСвердловск
_cМеталлургиздат. Свердл. отд-ние
_d1960
215 _a185 с.
_cил.
_d22
320 _aБиблиогр.: с. 182-184 (70 назв.)
606 _aЛистопрокатные станы
_xНастройка
_2psbo
700 1 _aСуяров
_bД.И.
_gДмитрий Ильич
701 1 _aБеняковский
_bМ.А.
_gМарк Александрович
801 0 _aRU
_bNLR
_gpsbo
801 1 _aRU
_bELAR
_2rusmarc
852 _aNLR
_j60-5/2772
942 _cBOOK
980 _aNB